书目信息 |
| 题名: |
日俄战争
|
|
| 作者: | 和田春树, 著 ;易爱华 , 张剑 译 | |
| 分册: | 上卷 | |
| 出版信息: | 北京 生活·读书·新知三联书店 2018.01 |
|
| 页数: | 15, 500页 | |
| 开本: | 24cm | |
| 丛书名: | 阅读日本书系 | |
| 单 册: | ||
| 中图分类: | K313.430.6 | |
| 科图分类: | ||
| 主题词: | 日俄战争--ri e zhan zheng--史料 | |
| 电子资源: | ||
| ISBN: | 978-7-108-06021-1 | |
| 000 | 01267nam 2200325 450 | |
| 001 | 202019135712 | |
| 005 | 20191007123108.0 | |
| 010 | @a978-7-108-06021-1@b精装@dCNY74.00 | |
| 100 | @a20191004d2018 em y0chiy50 ea | |
| 101 | 1 | @achi@cjpn |
| 102 | @aCN@b110000 | |
| 105 | @aak a 001yy | |
| 106 | @ar | |
| 200 | 1 | @a日俄战争@Ari e zhan zheng@e起源和开战@h上卷@f(日) 和田春树著@g易爱华, 张剑译 |
| 210 | @a北京@c生活·读书·新知三联书店@d2018.01 | |
| 215 | @a15, 500页@c图@d24cm | |
| 225 | 2 | @a阅读日本书系@Ayue du ri ben shu xi |
| 314 | @a和田春树, 东京大学名誉教授, 东北大学东北亚研究中心特别研究员。1938年生于大阪府。 | |
| 320 | @a有书目和索引 | |
| 330 | @a本书首次在全面调查日、俄、韩等资料的基础上, 全新论述了日俄战争为什么发生, 又是如何开始。作者和田春树将阐明: 战争因日本长期觊觎并入侵朝鲜而肇始, 最终发展为日、俄在中国东北进行的战争。 | |
| 410 | 0 | @12001 @a阅读日本书系 |
| 517 | 1 | @a起源和开战@Aqi yuan he kai zhan |
| 606 | 0 | @a日俄战争@Ari e zhan zheng@x史料 |
| 690 | @aK313.430.6@v5 | |
| 701 | 0 | @a和田春树,@Ahe tian chun shu@f1938-@4著 |
| 702 | 0 | @a易爱华@Ayi ai hua@4译 |
| 702 | 0 | @a张剑@Azhang jian@4译 |
| 801 | 0 | @aCN@c20190905 |
| 804 | @a上卷, 15, 500 ; 下, 卷501-1015 | |
| 905 | @a河南城建学院图书馆@dK313.430.6@eH230:1 | |
| 日俄战争:起源和开战.上卷/(日) 和田春树著/易爱华, 张剑译.-北京:生活·读书·新知三联书店,2018.01 |
| 15, 500页:图;24cm.-(阅读日本书系) |
| ISBN 978-7-108-06021-1(精装):CNY74.00 |
| 本书首次在全面调查日、俄、韩等资料的基础上, 全新论述了日俄战争为什么发生, 又是如何开始。作者和田春树将阐明: 战争因日本长期觊觎并入侵朝鲜而肇始, 最终发展为日、俄在中国东北进行的战争。 |
| ● |
| 相关链接 |
|
|
|
正题名:日俄战争
索取号:K313.430.6/H230:1
 
预约/预借
| 序号 | 登录号 | 条形码 | 馆藏地/架位号 | 状态 | 备注 |
| 1 | 1444698 | 214446982 | 社科库309/309社科库 39排7列1层/ [索取号:K313.430.6/H230:1] | 在馆 |